Most passing/rushing/receiving yards and touchdowns by a rookie - Statistics

General Stats
  • This quiz has been taken 6 times
  • The average score is 27 of 60
Answer Stats
Rank year Answer Amount % Correct
7 2019 Daniel Jones 24
67%
1 1983 Eric Dickerson 1,808
67%
1 1983 Eric Dickerson 18
67%
2 2020 Justin Herbert 4,336
67%
1 2020 Justin Herbert 31
67%
6 2021 Mac Jones 3,801
67%
4 2012 Russell Wilson 26
67%
1 2012 Andrew Luck 4,374
50%
8 2012 Andrew Luck 23
50%
10 2018 Baker Mayfield 3,725
50%
3 2018 Baker Mayfield 27
50%
10 1989 Barry Sanders 1,470
50%
6 1989 Barry Sanders 14
50%
8 2024 Bo Nix 3,775
50%
2 2024 Bo Nix 29
50%
4 2011 Cam Newton 4,051
50%
6 2011 Cam Newton 14
50%
7 2016 Carson Wentz 3,782
50%
3 2023 C.J. Stroud 4,108
50%
8 2023 C.J. Stroud 23
50%
8 2016 Dak Prescott 23
50%
6 1999 Edgerrin James 1,553
50%
3 2016 Ezekiel Elliott 1,631
50%
2 2016 Ezekiel Elliott 15
50%
2 1981 George Rogers 1,674
50%
3 2021 Ja'Marr Chase 1,455
50%
2 2021 Ja'Marr Chase 13
50%
5 2015 Jameis Winston 4,042
50%
6 2024 Jayden Daniels 25
50%
2 1978 John Jefferson 13
50%
4 2020 Justin Jefferson 1,400
50%
10 2024 Malik Nabers 1,204
50%
9 1998 Peyton Manning 3,739
50%
4 1998 Peyton Manning 26
50%
1 2023 Puka Nacua 1,486
50%
6 1998 Randy Moss 1,313
50%
1 1998 Randy Moss 17
50%
4 2012 Alfred Morris 1,613
33%
5 2003 Anquan Boldin 1,377
33%
2 1960 Bill Groman 1,473
33%
5 1960 Bill Groman 12
33%
9 1952 Billy Howton 1,231
33%
2 1952 Billy Howton 13
33%
5 1965 Bob Hayes 12
33%
8 2024 Brian Thomas Jr. 1,282
33%
7 2002 Clinton Portis 1,508
33%
2 2002 Clinton Portis 15
33%
8 1995 Curtis Martin 1,487
33%
6 1995 Curtis Martin 14
33%
6 1965 Gale Sayers 14
33%
5 1954 Harlon Hill 12
33%
2 1988 Ickey Woods 15
33%
8 2000 Mike Anderson 1,487
33%
2 2000 Mike Anderson 15
33%
5 1961 Mike DItka 12
33%
5 2014 Mike Evans 12
33%
7 2014 Odell Beckham Jr. 1,305
33%
5 2014 Odell Beckham Jr. 12
33%
5 1979 Ottis Anderson 1,605
33%
6 1998 Fred Taylor 14
17%
No matching quizzes found
Score Distribution
Percent of People with Each Score
Percentile by Number Answered
Your Score History
You have not taken this quiz